000 00712npc a2200217Ia 4500
001 dp4/3-642 [d000000553]
003 IT-MiCISF
005 20250307132442.0
008 161014s9999||||xx | und||
040 _aIT-MiCISF
_cIT-MiCISF
041 _ait
100 _aMasseroni Enrico
_961769
245 0 _aAnnunciamo la "buona notizia" sulla famiglia.
_bLettera pastorale 1990/91
260 _aMondovì,
_bDiocesi di Mondovì,
_c1990
300 _app. 64
500 _a / pastorale-familiare, famiglia, matrimonio-sacramento, amore, coniugi, ministero-coniugale, rapporti-familiari, gruppi-familiari /
650 _apastorale-familiare
654 _asussidio
942 _cDD
_2ddc
999 _c206828
_d206828
999 _bsi